[Event "Mechanics' Winter TNM; G/2 d5"]
[Site "San Francisco"]
[Date "2018.02.20"]
[Round "7.52"]
[White "McCarty-Snead, Tallulah"]
[Black "Olson, David"]
[Result "0-1"]
[WhiteElo "973"]
[BlackElo "1400"]
[PlyCount "78"]
[EventDate "2018.??.??"]
[Source "ChessBase"]
[SourceDate "2007.09.04"]

1. e4 e5 2. Nf3 d6 3. Bc4 Be6 4. Bxe6 fxe6 5. d3 (5. d4) 5... Be7 6. Nc3 Nc6 7.
Bd2 Nd4 8. Nxd4 exd4 9. Ne2 c5 10. c3 e5 11. cxd4 cxd4 12. Ng3 g6 13. Qa4+ Qd7
14. Qxd7+ Kxd7 15. O-O Nf6 16. Rac1 Rac8 17. Rxc8 Rxc8 18. h3 Rc2 19. Bc1 d5
20. exd5 Nxd5 21. a3 b5 22. b4 Nc3 23. Bh6 Ra2 24. Bg7 Bd6 25. Re1 Rxa3 26.
Bxe5 Bxe5 27. Rxe5 Rb3 28. f4 Rxb4 29. f5 gxf5 30. Rxf5 Ke6 31. Rf1 Rb1 32.
Rxb1 Nxb1 33. Ne2 Ke5 34. g4 Nc3 35. Nc1 a5 36. h4 a4 37. g5 Kf5 38. Kf2 b4 39.
Ke1 b3 0-1

[Event "Mechanics' Bedjanian TNM; G/2 d/5"]
[Site "San Francisco"]
[Date "2018.12.18"]
[Round "9.32"]
[White "McEnroe, Glenn"]
[Black "Capdeville, Barry"]
[Result "1-0"]
[WhiteElo "1508"]
[BlackElo "1218"]
[PlyCount "49"]
[EventDate "2018.??.??"]
[Source "ChessBase"]
[SourceDate "2007.09.04"]

1. e4 e5 2. Nf3 Nf6 3. Nxe5 d6 4. Nf3 Nxe4 5. d4 d5 6. Bd3 Be7 7. O-O Nd7 8. c4
c6 9. Re1 Ndf6 10. Nc3 Nxc3 11. bxc3 Bg4 12. Ba3 Be6 13. Bxe7 Qxe7 14. Qe2 O-O
15. cxd5 cxd5 16. Ng5 Rae8 17. Bf5 Ne4 18. Nxe6 fxe6 19. Bxe4 dxe4 20. Qxe4 Qc7
21. Rac1 Rf4 22. Qe5 Qf7 23. Re2 Rf5 24. Qe3 b6 25. Qg3 1-0

[Event "Mechanics' Shipman TNM; G/2 d/5"]
[Site "San Francisco"]
[Date "2018.09.25"]
[Round "8.26"]
[White "McEnroe, Glenn"]
[Black "Casares Jr, Nick"]
[Result "1-0"]
[WhiteElo "1500"]
[BlackElo "1600"]
[PlyCount "43"]
[EventDate "2018.??.??"]
[Source "ChessBase"]
[SourceDate "2007.09.04"]

1. e4 e5 2. Nf3 Nc6 3. Bb5 a6 4. Ba4 Nf6 5. O-O Be7 6. Re1 d6 7. c3 b5 8. Bb3
Na5 9. Bc2 c5 10. d4 cxd4 11. cxd4 Bg4 12. dxe5 dxe5 13. Qxd8+ Rxd8 14. Nxe5
O-O 15. Bd2 Rc8 16. Bd3 Nc6 17. Nxc6 Rxc6 18. Nc3 Rd8 19. Nd5 Nxd5 20. exd5 Rc7
21. Ba5 Rcd7 22. Bxd8 1-0

[Event "Mechanics' Bedjanian TNM; G/2 d/5"]
[Site "San Francisco"]
[Date "2018.11.20"]
[Round "5.19"]
[White "McEnroe, Glenn"]
[Black "Cortinas, Martin"]
[Result "0-1"]
[WhiteElo "1508"]
[BlackElo "1724"]
[Annotator "Winslow,Elliott"]
[PlyCount "88"]
[EventDate "2018.??.??"]
[Source "ChessBase"]
[SourceDate "2007.09.04"]

1. e4 c6 2. d4 d5 3. exd5 cxd5 4. Bd3 Nc6 5. c3 Qc7 6. Ne2 Bg4 7. f3 Bd7 8. Bf4
e5 9. dxe5 Nxe5 10. O-O Bd6 11. Re1 Ne7 12. Nd4 O-O 13. Bc2 Rfe8 14. Kh1 N7g6
15. Bg3 Nc4 16. Bxd6 Qxd6 17. b3 Ne3 18. Qc1 Nxc2 19. Rxe8+ Rxe8 20. Nxc2 Qe5 (
20... Nf4 21. Nd4 Bh3 22. gxh3 Qg6 23. Qf1 Re1) 21. Qd2 Nf4 22. Nba3 Qf5 23.
Re1 Be6 24. Nd4 Qf6 25. Nxe6 fxe6 26. Qd4 Qxd4 27. cxd4 a6 28. Rc1 Re7 29. Rc2
Kf7 30. Kg1 Nd3 31. Nb1 Nb4 32. Rd2 Rc7 33. Kf2 Rc1 34. Na3 Ra1 35. Ke3 Rxa2
36. Rxa2 Nxa2 37. Nb1 Nb4 38. Kd2 Kf6 39. f4 g5 40. g3 gxf4 41. gxf4 Kf5 42.
Ke3 Nc2+ 43. Kd3 Ne1+ 44. Ke3 Ng2+ 0-1

[Event "Mechanics' Shipman TNM; G/2 d/5"]
[Site "San Francisco"]
[Date "2018.08.28"]
[Round "4.21"]
[White "McEnroe, Glenn"]
[Black "Jensen, Christian"]
[Result "1/2-1/2"]
[WhiteElo "1500"]
[BlackElo "1827"]
[PlyCount "56"]
[EventDate "2018.??.??"]
[Source "ChessBase"]
[SourceDate "2007.09.04"]

1. e4 c5 2. Nf3 d6 3. d4 cxd4 4. Nxd4 Nf6 5. Nc3 g6 6. Be3 Bg7 7. f3 O-O 8. Qd2
Nc6 9. g4 Be6 10. Nxe6 fxe6 11. O-O-O Ne5 12. Be2 Rc8 13. Kb1 Nc4 14. Bxc4 Rxc4
15. Bh6 Nd7 16. Bxg7 Kxg7 17. Rdf1 Qa5 18. h4 h6 19. f4 Nc5 20. Rh2 e5 21. f5
Rxc3 22. Qxc3 Qxc3 23. bxc3 Nxe4 24. Kb2 e6 25. Rg2 g5 26. hxg5 hxg5 27. Re1
Nc5 28. Rd1 Ne4 1/2-1/2

[Event "Mechanics' Bedjanian TNM; G/2 d/5"]
[Site "San Francisco"]
[Date "2018.10.23"]
[Round "1.8"]
[White "McEnroe, Glenn"]
[Black "Lavi, Eilon"]
[Result "0-1"]
[WhiteElo "1508"]
[BlackElo "2088"]
[PlyCount "60"]
[EventDate "2018.??.??"]
[Source "ChessBase"]
[SourceDate "2007.09.04"]

1. e4 c5 2. c3 Nf6 3. e5 Nd5 4. Nf3 Nc6 5. d4 cxd4 6. cxd4 d6 7. exd6 e6 8. Bc4
Bxd6 9. O-O O-O 10. Nc3 a6 11. a3 Nce7 12. Re1 Qc7 13. Qd3 Nf4 14. Bxf4 Bxf4
15. g3 Bh6 16. Ba2 b5 17. Bb1 g6 18. Qe2 Bb7 19. Be4 Rfd8 20. Bxb7 Qxb7 21.
Rad1 Bg7 22. Qe4 Qxe4 23. Rxe4 Nd5 24. Nxd5 Rxd5 25. Rc1 Rad8 26. Rc6 a5 $11
27. Rc5 $4 (27. Rb6) 27... Rxc5 28. dxc5 Bxb2 29. Re3 a4 30. Kf1 Rc8 0-1

[Event "Mechanics' Shipman TNM; G/2 d/5"]
[Site "San Francisco"]
[Date "2018.08.14"]
[Round "2.38"]
[White "McEnroe, Glenn"]
[Black "Sikes, Stephen"]
[Result "1/2-1/2"]
[WhiteElo "1500"]
[BlackElo "1349"]
[PlyCount "89"]
[EventDate "2018.??.??"]
[Source "ChessBase"]
[SourceDate "2007.09.04"]

1. e4 c5 2. c3 Nc6 3. Nf3 d6 4. d4 cxd4 5. cxd4 e6 6. Nc3 Nf6 7. Bc4 d5 8. exd5
Nxd5 9. O-O Be7 10. Re1 O-O 11. a3 a6 12. Nxd5 exd5 13. Bd3 Bg4 14. Be3 Bf6 15.
Be2 Re8 16. h3 Bxf3 17. Bxf3 Bxd4 18. Qb3 Bxe3 19. Rxe3 Rxe3 20. Qxe3 Qd7 21.
Qc5 Rc8 22. Qxd5 Qxd5 23. Bxd5 Rd8 24. Re1 Kf8 25. Bxc6 bxc6 26. Re3 c5 27. Re5
Rc8 28. Kf1 g6 29. Ke2 Re8 30. Rxe8+ Kxe8 31. Kd3 Kd7 32. Kc4 Kd6 33. b4 cxb4
34. Kxb4 f5 35. Ka5 Kc6 36. Kxa6 g5 37. a4 h5 38. Ka7 Kc7 39. a5 h4 40. Ka6 Kc6
41. Ka7 Kc7 42. a6 g4 43. Ka8 Kc8 44. Ka7 Kc7 45. Ka8 1/2-1/2

[Event "Mechanics' Bedjanian TNM; G/2 d/5"]
[Site "San Francisco"]
[Date "2018.11.27"]
[Round "6.31"]
[White "McEnroe, Glenn"]
[Black "Simpkins, Jerry"]
[Result "0-1"]
[WhiteElo "1508"]
[BlackElo "1545"]
[PlyCount "50"]
[EventDate "2018.??.??"]
[Source "ChessBase"]
[SourceDate "2007.09.04"]

1. e4 e5 2. Nf3 d5 3. d3 dxe4 4. Nxe5 Bd6 5. Nc4 exd3 6. Nxd6+ Qxd6 7. Bxd3 Nf6
8. Qe2+ Be6 9. O-O O-O 10. Nc3 Nc6 11. Bg5 Ng4 12. g3 Nd4 13. Qe4 Bf5 14. Qf4
Qxf4 15. Bxf4 Bxd3 16. cxd3 c6 17. f3 Nf6 18. Rac1 Rfe8 19. Kf2 Ne6 20. Be5 Nd7
21. Rfe1 f6 22. Bd6 Nec5 23. Rcd1 {(At this point the last scoresheet fails.)}
Nxd3+ 24. Kf1 {Ridiculous} Rxe1+ 25. Rxe1 Nxe1 {
(and now 26.Bxc5 and further nonsense.... Black won.)} 0-1

[Event "Mechanics' Vartan Bedjanian TNM; G/2 d/"]
[Site "San Francisco"]
[Date "2018.11.07"]
[Round "3.20"]
[White "McEnroe, Glenn"]
[Black "Smith III, Robert"]
[Result "0-1"]
[WhiteElo "1508"]
[BlackElo "1819"]
[PlyCount "64"]
[EventDate "2018.??.??"]
[Source "ChessBase"]
[SourceDate "2007.09.04"]

1. e4 c6 2. d4 d5 3. exd5 cxd5 4. Bd3 Nf6 5. Bf4 Bg4 6. Nf3 Nc6 7. c3 e6 8.
Nbd2 Bd6 9. Bxd6 Qxd6 10. O-O O-O 11. Re1 Rac8 12. h3 Bh5 13. Qb1 Bg6 14. Ne5
Bxd3 15. Qxd3 a6 16. Ndf3 Na5 17. Nd2 b5 18. a3 Nc4 19. Ndxc4 bxc4 20. Qe3 Rb8
21. Rab1 Rb3 22. g4 Rfb8 23. Qd2 Ne4 24. Qc2 Qc7 25. Qc1 Nxc3 26. bxc3 Rxb1 27.
Qd2 R1b2 28. Qe3 Ra2 29. g5 Rxa3 30. Qf3 Rab3 31. g6 hxg6 32. Kh2 f6 0-1

[Event "Mechanics' Shipman TNM; G/2 d/5"]
[Site "San Francisco"]
[Date "2018.09.11"]
[Round "6.32"]
[White "McEnroe, Glenn"]
[Black "Standen, Julian"]
[Result "1/2-1/2"]
[WhiteElo "1500"]
[BlackElo "1613"]
[PlyCount "44"]
[EventDate "2018.??.??"]
[Source "ChessBase"]
[SourceDate "2007.09.04"]

1. e4 c6 2. d4 d5 3. exd5 cxd5 4. Bd3 Nf6 5. Bf4 Nc6 6. c3 Qb6 7. Qc2 Bg4 8.
Nd2 e6 9. Ngf3 Bxf3 10. Nxf3 Be7 11. O-O O-O 12. Ne5 Qd8 13. Rfe1 Rc8 14. Qd2
g6 15. Bh6 Re8 16. Qf4 Bf8 17. Bg5 Be7 18. Re3 Nxe5 19. dxe5 Nh5 20. Bxe7 Nxf4
21. Bxd8 Nxd3 22. Bf6 Nc5 1/2-1/2

[Event "Mechanics' Winter TNM; G/2 d5"]
[Site "San Francisco"]
[Date "2018.01.16"]
[Round "2.41"]
[White "McEnroe, Glenn Aus"]
[Black "Capdeville, Barry"]
[Result "1-0"]
[WhiteElo "1500"]
[BlackElo "1173"]
[PlyCount "101"]
[EventDate "2018.??.??"]
[Source "ChessBase"]
[SourceDate "2007.09.04"]

1. e4 e5 2. Nf3 Nc6 3. Bb5 a6 4. Ba4 Nf6 5. d3 b5 6. Bb3 d6 7. c3 Be7 8. O-O
O-O 9. h3 Re8 10. Re1 Bf8 11. Bg5 Be7 12. Nbd2 Na5 13. Bc2 c5 14. b3 Nd7 15.
Bxe7 Qxe7 16. d4 Nc6 17. d5 Ncb8 18. c4 b4 19. Nf1 Nf8 20. Ng3 g6 21. Qd2 Qf6
22. Qg5 Qg7 23. Qd2 h6 24. h4 Nh7 25. Qe3 Nd7 26. h5 Ndf6 27. hxg6 fxg6 28. Bd1
Bg4 29. Nh4 Bxd1 30. Raxd1 Ng4 31. Qe2 Ngf6 32. Rf1 Rf8 33. f3 Nd7 34. Qf2 Rf4
35. Ne2 Rf7 36. Qg3 Raf8 37. Nxg6 Re8 38. f4 Nhf8 39. f5 Nf6 40. Nh4 Nxe4 41.
Qxg7+ Kxg7 42. Rd3 Nh7 43. Ng3 Nef6 44. Re3 e4 45. Rf4 Ng5 46. Kf2 h5 47. Ke2
Ng4 48. Nxh5+ Kh6 49. Rxg4 Kxh5 50. Rf4 Ne6 51. dxe6 1-0

[Event "Mechanics' Winter TNM; G/2 d5"]
[Site "San Francisco"]
[Date "2018.02.20"]
[Round "7.27"]
[White "McEnroe, Glenn Aus"]
[Black "Cortinas, Martin A"]
[Result "1-0"]
[WhiteElo "1500"]
[BlackElo "1670"]
[PlyCount "119"]
[EventDate "2018.??.??"]
[Source "ChessBase"]
[SourceDate "2007.09.04"]

1. e4 e6 2. d4 d5 3. e5 c5 4. c3 Nc6 5. Nf3 Bd7 6. a3 f6 7. exf6 Nxf6 8. Bd3
cxd4 9. cxd4 Bd6 10. O-O O-O 11. b4 a6 12. Bb2 Qc7 13. Re1 Rae8 14. Ne5 Bc8 15.
Nd2 Ne7 16. Ndf3 Nd7 17. Rc1 Qb8 18. Bxh7+ Kxh7 19. Ng5+ Kg8 20. Qh5 Nf6 21.
Qh4 Nf5 22. Qh3 Rd8 23. g3 Nh6 24. Re2 Bxe5 25. dxe5 Nfg4 26. Bd4 Rf5 27. f4
Bd7 28. Rec2 Rc8 29. Bc5 b6 30. Bd6 Qa8 31. Rxc8+ Bxc8 32. Qg2 Ne3 33. Qf3 Nc4
34. Rxc4 b5 35. Rc7 Nf7 {(Rxf7!)} 36. Nxf7 Rxf7 37. Qc3 Rxc7 38. Qxc7 Qb7 39.
Qxb7 Bxb7 40. Kf2 Kf7 41. Ke3 g6 42. Kd4 Ke8 43. h4 Bc8 44. g4 Kd8 45. h5 gxh5
46. gxh5 Bd7 47. Kc5 Be8 48. h6 Bg6 49. Kb6 Kd7 50. Bc5 Bf5 51. Kxa6 Kc6 52.
Bd4 Bd3 53. Ka5 Bf5 54. a4 bxa4 55. Kxa4 Kb7 56. Ka5 Bd3 57. b5 Bf5 58. Kb4 Bg6
59. Kc5 Bf5 60. Kd6 1-0

[Event "Mechanics' Winter TNM; G/2 d5"]
[Site "San Francisco"]
[Date "2018.02.06"]
[Round "5.24"]
[White "McEnroe, Glenn Aus"]
[Black "Pane, Gianluca"]
[Result "0-1"]
[WhiteElo "1500"]
[BlackElo "1811"]
[PlyCount "50"]
[EventDate "2018.??.??"]
[Source "ChessBase"]
[SourceDate "2007.09.04"]

1. e4 d6 2. d4 Nf6 3. Nc3 e5 4. dxe5 dxe5 5. Qxd8+ Kxd8 6. Bc4 Be6 7. Bxe6 fxe6
8. Bg5 Bd6 9. O-O-O a6 10. Nf3 Ke7 11. Bh4 c5 12. Rxd6 Kxd6 13. Rd1+ Kc7 14.
Nxe5 Nc6 15. Nf7 Rhf8 16. Bg3+ Kb6 17. Nd6 Ka7 18. f3 Rad8 19. Bf2 b6 20. Bh4
Ne5 21. h3 Nf7 22. f4 Rxd6 23. Rxd6 Nxd6 24. e5 Nf5 25. Bxf6 gxf6 0-1

[Event "Mechanics' Spring TNM; G/2 d5"]
[Site "San Francisco"]
[Date "2018.04.24"]
[Round "6.38"]
[White "McEnroe, Glenn Aus"]
[Black "Temple, Jason Todd"]
[Result "0-1"]
[WhiteElo "1500"]
[BlackElo "1167"]
[PlyCount "60"]
[EventDate "2018.??.??"]
[Source "ChessBase"]
[SourceDate "2007.09.04"]

1. e4 c6 2. d4 d5 3. exd5 cxd5 4. Bd3 Nc6 5. c3 g6 6. Bf4 Nh6 7. Nf3 f6 8. O-O
Nf7 9. Re1 Bg7 10. Nbd2 Bg4 11. h3 Bxf3 12. Nxf3 O-O 13. Qd2 e5 14. dxe5 fxe5
15. Bg5 Nxg5 16. Qxg5 Bf6 17. Qg4 e4 18. Bxe4 dxe4 19. Rad1 Qb6 20. Qe6+ Kh8
21. Qxe4 Rae8 22. Qc2 Ne5 23. Nxe5 Bxe5 24. Kh1 Rxf2 25. Qa4 Re6 26. Rd5 Bc7
27. Qd1 Rxg2 28. Rd2 Rxd2 29. Qxd2 Qc6+ 30. Kg1 Bb6+ 0-1

[Event "Mechanics' Spring TNM; G/2 d5"]
[Site "San Francisco"]
[Date "2018.03.27"]
[Round "2.22"]
[White "McEnroe, Glenn Aus"]
[Black "Thieme, Steffen"]
[Result "0-1"]
[WhiteElo "1500"]
[BlackElo "2060"]
[PlyCount "61"]
[EventDate "2018.??.??"]
[Source "ChessBase"]
[SourceDate "2007.09.04"]

1. e4 e6 2. d4 d5 3. e5 c5 4. c3 Nc6 5. Nf3 Qb6 6. Bd3 Bd7 7. dxc5 Bxc5 8. O-O
a5 9. a3 Nge7 10. b4 axb4 11. cxb4 Bxb4 12. Qb3 Ng6 13. Bb2 Bc5 14. Qxb6 Bxb6
15. Nbd2 Nf4 16. Bc2 Rc8 17. Rfe1 O-O 18. Nb3 Nb4 19. Bxh7+ Kxh7 20. axb4 Bxf2+
21. Kxf2 Rc2+ 22. Kg3 Rxb2 23. Kxf4 Rxb3 24. Reb1 Rc3 25. Rc1 Rfc8 26. Rxc3
Rxc3 27. Rb1 f6 28. h4 Ba4 29. b5 Rc4+ 30. Kg3 Kg6 31. Rd1 $2 0-1

[Event "Mechanics' Winter TNM; G/2 d5"]
[Site "San Francisco"]
[Date "2018.01.30"]
[Round "4.44"]
[White "McEnroe, Glenn Aus"]
[Black "Yu, Prescott"]
[Result "1-0"]
[WhiteElo "1500"]
[BlackElo "1141"]
[PlyCount "91"]
[EventDate "2018.??.??"]
[Source "ChessBase"]
[SourceDate "2007.09.04"]

1. e4 c6 2. d4 d5 3. exd5 cxd5 4. Bd3 Nf6 5. Bf4 Nc6 6. c3 Bg4 7. Qb3 b6 8. Bb5
Rc8 9. Qa4 Qd7 10. Nd2 Nh5 11. Be3 Qb7 12. Ndf3 Bd7 13. Ba6 Qc7 14. Bxc8 Bxc8
15. Ne5 Bd7 16. Nxd7 Qxd7 17. Nf3 e6 18. O-O Bd6 19. Qd1 O-O 20. Ne5 Nxe5 21.
dxe5 Bxe5 22. Qxh5 Bf6 23. Qg4 Qb5 24. Rab1 Rc8 25. Bd4 Bxd4 26. Qxd4 Rc4 27.
Qe5 Qc6 28. Qb8+ Qc8 29. Qxa7 b5 30. Rfc1 Ra4 31. Qb6 Rxa2 32. Qxb5 Ra8 33. b4
Qc7 34. Ra1 Rc8 35. g3 g6 36. Qd3 f5 37. Qa6 Kf7 38. Qa7 h5 39. Qxc7+ Rxc7 40.
f4 Kf6 41. Kf2 g5 42. Ke3 h4 43. Ra6 gxf4+ 44. gxf4 Rg7 45. Kf3 h3 46. Re1 1-0

[Event "Mechanics' Winter TNM; G/2 d5"]
[Site "San Francisco"]
[Date "2018.02.13"]
[Round "6.10"]
[White "McKellar, Daniel"]
[Black "Askin, David Benjamin"]
[Result "1/2-1/2"]
[WhiteElo "1829"]
[BlackElo "1983"]
[PlyCount "65"]
[EventDate "2018.??.??"]
[Source "ChessBase"]
[SourceDate "2007.09.04"]

1. d4 Nf6 2. c4 g6 3. Nc3 d5 4. cxd5 Nxd5 5. e4 Nxc3 6. bxc3 Bg7 7. Bc4 c5 8.
Ne2 O-O 9. O-O Nc6 10. Be3 Bg4 11. f3 Na5 12. Bxf7+ Rxf7 13. fxg4 Rxf1+ 14.
Kxf1 Qd7 15. h3 Qe6 16. Ng3 Nc4 17. Bf2 Rf8 18. Kg1 cxd4 19. cxd4 Qf7 20. Qf3
Qxf3 21. gxf3 Rxf3 22. Rb1 Na5 23. Kg2 Rd3 24. e5 Rd2 25. a4 Ra2 26. Ne4 Rxa4
27. Nc5 Ra2 28. Nxb7 Bh6 29. Nxa5 Rxa5 30. Kf3 Ra3+ 31. Ke4 Rxh3 32. Rb7 (32.
d5 $1) 32... Bg5 33. Rxa7 1/2-1/2

[Event "Mechanics' Summer TNM; G/2 d/5"]
[Site "San Francisco"]
[Date "2018.06.17"]
[Round "8.9"]
[White "McKellar, Daniel"]
[Black "Boldi, Ethan"]
[Result "0-1"]
[WhiteElo "1871"]
[BlackElo "1973"]
[PlyCount "114"]
[EventDate "2018.??.??"]
[Source "ChessBase"]
[SourceDate "2007.09.04"]

1. d4 e6 2. c4 d5 3. Nc3 Bb4 4. a3 Bxc3+ 5. bxc3 Nf6 6. Bg5 h6 7. Bh4 c5 8.
Bxf6 gxf6 9. e3 Qa5 10. Qd2 b6 11. cxd5 exd5 12. Ne2 Bb7 13. Ng3 Nc6 14. Be2
O-O-O 15. O-O Kb8 16. Rfc1 Rhg8 17. Nf5 Bc8 18. Qc2 Rg6 19. h4 c4 20. Bh5 Rgg8
21. Bxf7 Rh8 22. Bh5 Qa6 23. e4 Be6 24. Ne3 Ne7 25. Bf3 Rhg8 26. exd5 Nxd5 27.
Nxd5 Bxd5 28. Bxd5 Rxd5 29. Qh7 Qc8 30. Re1 Qg4 31. Qe4 Rh5 32. Qxg4 Rxg4 33.
f3 Rgxh4 34. Kf2 Rb5 35. Reb1 Rhh5 36. Rb4 Rxb4 37. cxb4 Kc7 38. Rc1 b5 39. a4
Kb6 40. a5+ Kc6 41. Re1 Kd5 42. Re7 Kxd4 43. Rxa7 Rh1 44. Rc7 Ra1 45. Rc5 Ra4
46. Rxb5 c3 47. Ke2 Ra2+ 48. Kd1 Kc4 49. Rc5+ Kb3 50. b5 Rxa5 51. g4 Kb2 52.
Ke2 Ra8 53. b6 Re8+ 54. Kd3 Rd8+ 55. Ke3 c2 56. Rb5+ Kc1 57. b7 Kd1 0-1

[Event "Mechanics' Shipman TNM; G/2 d/5"]
[Site "San Francisco"]
[Date "2018.09.04"]
[Round "5.14"]
[White "McKellar, Daniel"]
[Black "Boldi, Nicholas Ar"]
[Result "1-0"]
[WhiteElo "1879"]
[BlackElo "1544"]
[Annotator "Winslow,Elliott"]
[PlyCount "63"]
[EventDate "2018.??.??"]
[Source "ChessBase"]
[SourceDate "2007.09.04"]

1. d4 e6 2. c4 d5 3. Nc3 Nf6 4. cxd5 exd5 5. Bg5 Bb4 6. e3 Bg4 $4 (6... h6 7.
Bh4 c5 (7... Bf5)) 7. Bxf6 Qd7 8. f3 Bxf3 9. Qxf3 gxf6 10. Qxf6 Rg8 11. Nf3 Nc6
12. Ne5 Nxe5 13. Qxe5+ Kf8 14. O-O-O Bxc3 15. bxc3 Re8 16. Qh5 Qe7 17. Qh6+ Rg7
18. Bd3 Qa3+ 19. Kd2 Kg8 20. g3 Qxa2+ 21. Bc2 Rg6 22. Qf4 Rge6 23. Rhf1 R8e7
24. Ra1 Qc4 25. Rxa7 f6 26. Qg4+ Kf7 27. Ra8 Re8 28. Rxe8 Kxe8 29. Qxe6+ Kd8
30. Rxf6 c6 31. Qd6+ Kc8 32. Rf8# 1-0

[Event "Mechanics' Spring TNM; G/2 d5"]
[Site "San Francisco"]
[Date "2018.03.20"]
[Round "1.25"]
[White "McKellar, Daniel"]
[Black "Boldt, Tim"]
[Result "1-0"]
[WhiteElo "1829"]
[BlackElo "1329"]
[PlyCount "133"]
[EventDate "2018.??.??"]
[Source "ChessBase"]
[SourceDate "2007.09.04"]

1. c4 Nf6 2. d4 e5 3. dxe5 Ng4 4. Nf3 Nc6 5. Bf4 Bb4+ 6. Nc3 Bxc3+ 7. bxc3 Qe7
8. Qd5 f6 9. exf6 Nxf6 10. Qd3 d6 11. e3 O-O 12. Be2 Ne5 13. Nxe5 dxe5 14. Bg5
e4 15. Qc2 c5 16. O-O b6 17. Rad1 Qe5 18. Bf4 Qe8 19. Rd2 Bg4 20. f3 exf3 21.
Bxf3 Bxf3 22. Rxf3 Nh5 23. Re2 Nxf4 24. exf4 Qf7 25. Re4 Rae8 26. g3 Rxe4 27.
Qxe4 Re8 28. Qd3 Qe6 29. Qd5 Kf8 30. Qxe6 Rxe6 31. Kf2 Re4 32. Rd3 Rxc4 33. Ke3
Ra4 34. Rd2 Ke7 35. Kd3 Kf6 36. c4 b5 37. cxb5 Rd4+ 38. Ke3 Rxd2 39. Kxd2 Ke6
40. Kd3 Kd5 41. h3 c4+ 42. Kc3 Kc5 43. a4 Kd5 44. a5 Kc5 45. b6 axb6 46. axb6
Kxb6 47. Kxc4 Kc6 48. Kd4 Kd6 49. Ke4 Ke6 50. g4 h6 51. Kd4 g6 52. Ke4 Kf6 53.
h4 Ke6 54. f5+ gxf5+ 55. gxf5+ Kf6 56. Kf4 h5 57. Ke4 Kf7 58. Ke5 Ke7 59. f6+
Kf7 60. Kf5 Kf8 61. Kg6 Kg8 62. Kxh5 Kf7 63. Kg5 Kf8 64. Kg6 Kg8 65. f7+ Kf8
66. h5 Ke7 67. Kg7 1-0

[Event "Mechanics' Spring TNM; G/2 d5"]
[Site "San Francisco"]
[Date "2018.04.24"]
[Round "6.18"]
[White "McKellar, Daniel"]
[Black "Campers Jr, Willie"]
[Result "1-0"]
[WhiteElo "1829"]
[BlackElo "1689"]
[PlyCount "85"]
[EventDate "2018.??.??"]
[Source "ChessBase"]
[SourceDate "2007.09.04"]

1. e4 e6 2. d4 d5 3. Nc3 Bb4 4. e5 c5 5. a3 cxd4 6. axb4 dxc3 7. bxc3 Qc7 8. f4
Qxc3+ 9. Bd2 Qd4 10. Bd3 Ne7 11. Nf3 Qb6 12. Ng5 h6 13. Qh5 g6 14. Qh3 Bd7 15.
c4 Qd4 16. Rc1 Nbc6 17. Nxf7 Kxf7 18. Bc3 Qb6 19. c5 Qd8 20. O-O Nf5 21. g4 Qh4
22. Qxh4 Nxh4 23. Be1 Nxb4 24. Bxb4 g5 25. fxg5+ Kg7 26. gxh6+ Rxh6 27. Bd2
Rhh8 28. Bg5 Kg8 29. Rf6 a5 30. Kf2 a4 31. Kg3 a3 32. Bxh4 a2 33. Ra1 d4 34.
Bg5 Bc6 35. Bc1 Bd5 36. Bb2 Ra4 37. Rf2 Rb4 38. Kf4 Rh3 39. Bg6 Kg7 40. Kg5 Rf3
41. Rxf3 Bxf3 42. Ba3 Rb3 43. Rxa2 1-0

[Event "Mechanics' Bedjanian TNM; G/2 d/5"]
[Site "San Francisco"]
[Date "2018.10.23"]
[Round "1.21"]
[White "McKellar, Daniel"]
[Black "Cole, Tony"]
[Result "1-0"]
[WhiteElo "1878"]
[BlackElo "1400"]
[PlyCount "58"]
[EventDate "2018.??.??"]
[Source "ChessBase"]
[SourceDate "2007.09.04"]

1. d4 e6 2. c4 Nf6 3. Nc3 d5 4. cxd5 Nxd5 5. e4 Nb6 6. Nf3 Bb4 7. Be2 Bd7 8.
O-O h6 9. Bf4 Be7 10. Rc1 c6 {Diagram [#]} 11. Nb5 $1 Na6 (11... cxb5 12. Bc7
Qc8 13. Bxb6 Nc6 14. Bc5 $18) 12. Nd6+ Bxd6 13. Bxd6 Nc8 14. Ba3 Nc7 15. Ne5
Ne7 16. Bh5 O-O 17. Qf3 Be8 18. Rfd1 Nb5 19. Bc5 b6 20. Bxe7 Qxe7 21. a4 Nd6
22. Nxc6 Qg5 23. Bg4 Rc8 24. d5 f5 25. exf5 exf5 26. Qe2 Bxc6 27. Qe6+ Nf7 28.
Rxc6 Rxc6 29. dxc6 fxg4 {Black is winning, but White went on to take the point.
Remaining moves unavailable.} 1-0

[Event "Mechanics' Spring TNM; G/2 d5"]
[Site "San Francisco"]
[Date "2018.04.03"]
[Round "3.22"]
[White "McKellar, Daniel"]
[Black "Erickson, Lane Aus"]
[Result "1-0"]
[WhiteElo "1829"]
[BlackElo "1588"]
[PlyCount "117"]
[EventDate "2018.??.??"]
[Source "ChessBase"]
[SourceDate "2007.09.04"]

1. d4 d5 2. c4 dxc4 3. e3 e5 4. Bxc4 exd4 5. exd4 Bb4+ 6. Nc3 Nf6 7. Qe2+ Qe7
8. Bg5 Qxe2+ 9. Ngxe2 Ne4 10. Bf4 Nd6 11. Bb3 O-O 12. O-O Nc6 13. Ba4 Ba5 14.
Rad1 Nc4 15. Bxc6 bxc6 16. b3 Nd6 17. Rc1 Ba6 18. Rfe1 Rfe8 19. Be3 Ne4 20. f3
Nf6 21. Ng3 Nd5 22. Nxd5 cxd5 23. Bf2 Bxe1 24. Bxe1 g6 25. Ba5 Rac8 26. Kf2 h5
27. h4 Re6 28. Rc2 Bb5 29. Rc5 c6 30. Rc2 Kf8 31. Bb4+ Ke8 32. Bc5 a5 33. a4
Ba6 34. Bb6 Rb8 35. Bxa5 Rxb3 36. Bc3 Bd3 37. Rc1 Ra3 38. a5 Ra2+ 39. Kg1 Rc2
40. Rxc2 Bxc2 41. Bb4 Bd3 42. Nf1 Bxf1 43. Kxf1 Kd7 44. Kf2 Re8 45. Bc5 Ke6 46.
a6 Kf5 47. a7 f6 48. Bd6 Ra8 49. Bb8 Ke6 50. g4 hxg4 51. fxg4 Kd7 52. h5 gxh5
53. gxh5 Ke7 54. Kf3 Kf7 55. Kf4 Kg7 56. Kf5 Kh6 57. Kxf6 c5 58. dxc5 d4 59. c6
1-0

[Event "Mechanics' Bedjanian TNM; G/2 d/5"]
[Site "San Francisco"]
[Date "2018.11.27"]
[Round "6.14"]
[White "McKellar, Daniel"]
[Black "Harris, John"]
[Result "0-1"]
[WhiteElo "1878"]
[BlackElo "1800"]
[PlyCount "91"]
[EventDate "2018.??.??"]
[Source "ChessBase"]
[SourceDate "2007.09.04"]

1. c4 e6 2. d4 d5 3. Nc3 Nf6 4. cxd5 exd5 5. Bg5 c6 6. e3 Be7 7. Bd3 Bg4 8. f3
Bh5 9. Nge2 Bg6 10. O-O Nbd7 11. e4 dxe4 12. fxe4 Nf8 13. Bc2 Ne6 14. Bh4 Ng4
15. Bxe7 Qxe7 16. Qd2 O-O-O 17. h3 Nf6 18. Rad1 Rd7 19. e5 Nd5 20. Nxd5 Rxd5
21. Bb3 Rd7 22. Qa5 Kb8 23. d5 cxd5 24. Rxd5 Rhd8 25. Rfd1 Rxd5 26. Rxd5 Rxd5
27. Qxd5 Qc5+ 28. Qxc5 Nxc5 29. Bc4 Bd3 30. Bxf7 Bxe2 31. b3 Nd7 32. e6 Nf6 33.
a4 Bd3 34. e7 Bg6 35. Bc4 Kc7 36. g4 Kd7 37. g5 Ne4 38. h4 Kxe7 39. Bd5 b6 40.
h5 Bf5 41. h6 gxh6 42. gxh6 Nf6 43. Bc4 Be6 44. Bd3 a5 45. Bc2 Bg8 46. Kf2 0-1